| 000 | 00356nam a2200121 a 4500 | ||
|---|---|---|---|
| 999 |
_c5278 _d5278 |
||
| 020 | _a9788131732458 | ||
| 245 | 0 | 0 | _aComputer Organization and Architecture: designing for performance |
| 250 | _a8th ed | ||
| 260 |
_a[S.l.] : _bPrentice,2002 6TH EDITION, _c2009. |
||
| 300 | _a1 v. (unpaged) | ||
| 856 | 4 | 0 | _uhttp://10.10.170.122:8080/browse/book/280 |
| 942 | _cBK | ||